000 00306 a2200157 4500
001 186095
020 _a0-582-40133-X
040 _cMagnum
100 _aStrasser, Todd
240 1 0 _aJumanji
_lING
245 1 0 _aJumanji
300 _a
362 0 _a1999
697 _aLITERATURA INGLESA
942 _cBK
999 _c186095
_d186095